ARRUPE JESUIT UNIVERSITY

CORONAVIRUS -STOP THE SPREAD - CLEAN,DISINFECT,COVER

Pedophiles and Priests (Record no. 131092)

MARC details
000 -LEADER
fixed length control field 00580nam a22001577a 4500
008 - FIXED-LENGTH DATA ELEMENTS--GENERAL INFORMATION
fixed length control field 211103b ||||| |||| 00| 0 eng d
020 ## - INTERNATIONAL STANDARD BOOK NUMBER
International Standard Book Number 0195095650019
050 ## - LIBRARY OF CONGRESS CALL NUMBER
Classification number BX1912.9.J46 1996
100 ## - MAIN ENTRY--PERSONAL NAME
Personal name Jenkins, Philip
9 (RLIN) 29112
245 ## - TITLE STATEMENT
Title Pedophiles and Priests
Remainder of title anatomy of a contemporary crisis
Statement of responsibility, etc /by Philip Jenkins
260 ## - PUBLICATION, DISTRIBUTION, ETC. (IMPRINT)
Place of publication, distribution, etc Oxford:
Name of publisher, distributor, etc Oxford University Press,
Date of publication, distribution, etc c1996.
300 ## - PHYSICAL DESCRIPTION
Extent ix, 214p.;
Dimensions 23cm.
650 ## - SUBJECT ADDED ENTRY--TOPICAL TERM
Topical term or geographic name as entry element Children sexual abuse by clergy
Geographic subdivision United States
9 (RLIN) 50938
650 ## - SUBJECT ADDED ENTRY--TOPICAL TERM
Topical term or geographic name as entry element Catholic church
Geographic subdivision United States
General subdivision Clergy
-- Sexual behavior
9 (RLIN) 50939
942 ## - ADDED ENTRY ELEMENTS (KOHA)
Source of classification or shelving scheme Library of Congress Classification
Item type Monograph ( Printed materials)
Holdings
Withdrawn status Lost status Source of classification or shelving scheme Damaged status Not for loan Collection code Home library Current library Shelving location Date acquired Total Checkouts Full call number Barcode Date last seen Copy number Price effective from Koha item type
    Library of Congress Classification     Main Collection ARRUPE LIBRARY ARRUPE LIBRARY Main Collection 03/11/2021   BX1912.9.J46 1996 46600007135 03/11/2021 1 03/11/2021 Monograph ( Printed materials)

 

Arrupe Library. PO Box MP320 Mt Pleasant, Harare, Zimbabwe
263 242 745411|librarian@aju.ac.zw